Certification educational and workplaces in educational establishments of Tomsk region; The 8th Korea-Russia International Symposium on Science and Technology (KORUS 2004), June 26 - July 3, 2004, Tomsk, Russia; Vol. 3

Dettagli Bibliografici
Parent link:The 8th Korea-Russia International Symposium on Science and Technology (KORUS 2004), June 26 - July 3, 2004, Tomsk, Russia: [proceedings]/ Tomsk Polytechnic University (TPU) ; Novosibirsk State Technical University.— , 2004
Vol. 3.— 2004.— [P. 300-301]
Autore principale: Derenok A. N.
Ente Autore: Национальный исследовательский Томский политехнический университет (ТПУ) Институт неразрушающего контроля (ИНК) Кафедра экологии и безопасности жизнедеятельности (ЭБЖ)
Altri autori: Chulkov N. A. Nikolay Aleksandrovich, Sechin A. A. Andrey Alexandrovich
Riassunto:Title screen
The questions of realization of certification of workplaces in educational establishments of city of Tomsk are considered. The work carried out in Tomsk Polytechnic University as agreed of different techniques of realization of certification of workplaces is shown, with the purpose of reception of the discount from payments in fund of social insurance.
Режим доступа: по договору с организацией-держателем ресурса
Lingua:inglese
Pubblicazione: 2004
Soggetti:
Accesso online:http://dx.doi.org/10.1109/KORUS.2004.1555759
Natura: MixedMaterials Elettronico Capitolo di libro
KOHA link:https://koha.lib.tpu.ru/cgi-bin/koha/opac-detail.pl?biblionumber=642622

MARC

LEADER 00000nla2a2200000 4500
001 642622
005 20240212133425.0
035 |a (RuTPU)RU\TPU\network\7580 
090 |a 642622 
100 |a 20150630d2004 k y0rusy50 ba 
101 0 |a eng 
105 |a a z 100zy 
135 |a drcn ---uucaa 
181 0 |a i  
182 0 |a b 
200 1 |a Certification educational and workplaces in educational establishments of Tomsk region  |f A. N. Derenok, N. A. Chulkov, A. A. Sechin 
203 |a Text  |c electronic 
300 |a Title screen 
320 |a [References: p. 301 (4 tit.)] 
330 |a The questions of realization of certification of workplaces in educational establishments of city of Tomsk are considered. The work carried out in Tomsk Polytechnic University as agreed of different techniques of realization of certification of workplaces is shown, with the purpose of reception of the discount from payments in fund of social insurance. 
333 |a Режим доступа: по договору с организацией-держателем ресурса 
337 |a Adobe Reader 
461 1 |0 (RuTPU)RU\TPU\network\6379  |t The 8th Korea-Russia International Symposium on Science and Technology (KORUS 2004), June 26 - July 3, 2004, Tomsk, Russia  |o [proceedings]  |f Tomsk Polytechnic University (TPU) ; Novosibirsk State Technical University  |d 2004 
463 1 |0 (RuTPU)RU\TPU\network\6385  |t Vol. 3  |v [P. 300-301]  |d 2004 
610 1 |a электронный ресурс 
610 1 |a труды учёных ТПУ 
700 1 |a Derenok  |b A. N. 
701 1 |a Chulkov  |b N. A.  |c a specialist in the field of ecology and life safety  |c associate Professor of Tomsk Polytechnic University, candidate of technical Sciences  |f 1945-  |g Nikolay Aleksandrovich  |3 (RuTPU)RU\TPU\pers\34931 
701 1 |a Sechin  |b A. A.  |c specialist in the field of ecology and life safety  |c associate Professor of Tomsk Polytechnic University, candidate of technical Sciences  |f 1974-  |g Andrey Alexandrovich  |3 (RuTPU)RU\TPU\pers\36073  |9 19191 
712 0 2 |a Национальный исследовательский Томский политехнический университет (ТПУ)  |b Институт неразрушающего контроля (ИНК)  |b Кафедра экологии и безопасности жизнедеятельности (ЭБЖ)  |3 (RuTPU)RU\TPU\col\18720 
801 2 |a RU  |b 63413507  |c 20160125  |g RCR 
856 4 |u http://dx.doi.org/10.1109/KORUS.2004.1555759 
942 |c CF